000 00327nam a22001457a 4500
008 210609b ||||| |||| 00| 0 eng d
020 _a9781593631659
041 _aeng
080 _a82
082 _a82
100 _a21
101 _aGJL
245 _aLanguage arts for Gifted Students
_cSusan K. Johnsen
942 _2udc
_cBK
999 _c58108
_d58108